Poistky a ističe

Saved in:
Bibliographic Details
Main Author: Kremničan, Kazimír (Author)
Format: Book
Language:Slovak
Published: Bratislava : SVTL, 1959
Edition:1. vyd.
Tags: Add Tag
No Tags, Be the first to tag this record!

MARC

LEADER 00000nam a22000003a 4500
001 stu53314
005 20150617225702.6
008 000427s1959----cs------------------slo-d
040 |a STU  |b slo 
041 0 |a slo 
044 |a cs 
080 |a 621.316.923 
080 |a 621.316.57.064.24 
100 1 |a Kremničan, Kazimír  |4 aut 
245 1 |a Poistky a ističe 
250 |a 1. vyd. 
260 |a Bratislava :  |b SVTL,  |c 1959 
300 |a 238 s 
996 |b 284EK04156  |c E*11698  |l EE01  |s A  |a 24  |w stu53314_0001